000 00471nam a2200157Ia 4500
008 240729s9999 xx 000 0 und d
022 _a2090-3790
245 0 _aAcarines: Journal of the Egyptian Society of Acarology
260 _aEgypt
260 _bEgyptian Society of Acarology (J.E.S.A)
650 _a Archaeology
650 _aAuxiliary sciences of history
856 _uhttps://doaj.org/toc/ab1d830e2c9a4d44b68386de728b43b1
942 _2ddc
942 _cDOAJEJ
999 _c74733
_d74733
945 _a1
_bMadushi Gamage
_c1
_dMadushi Gamage